Normal view
MARC view
- Nguyen, Ngoc Thanh
Entry Personal Name
001 - CONTROL NUMBER
- control field: 81786
003 - CONTROL NUMBER IDENTIFIER
- control field: NUST
005 - DATE AND TIME OF LATEST TRANSACTION
- control field: 20210827115032.0
008 - FIXED-LENGTH DATA ELEMENTS
- fixed length control field: 210827|| aca||aabn | a|a d
040 ## - CATALOGING SOURCE
- Original cataloging agency: NUST
- Transcribing agency: NUST
100 ## - HEADING--PERSONAL NAME
- Personal name: Nguyen, Ngoc Thanh
- Titles and other words associated with a name: (Computer scientist)
670 ## - SOURCE DATA FOUND
- Source citation: Work cat.: (NUST)32897: Nguyen, Ngoc Thanh. 81784, Advances in intelligent information and database systems /, c2010.
